Filmographie Tarantino - Statistiques

Statistiques générales
  • Ce quiz a été pris 168 fois
  • Le résultat moyen est 7 sur 11
Statistiques - réponses
Année Films % Correct
1994 Pulp Fiction
92%
2019 Once Upon a Time in Hollywood
86%
2012 Django Unchained
84%
1992 Reservoir Dogs
75%
2003 Kill Bill : Volume 1
65%
2004 Kill Bill : Volume 2
63%
2015 Les Huit Salopards
59%
1997 Jackie Brown
58%
2009 Inglourious Basterds
54%
2007 Boulevard de la mort
49%
2025 The Movie Critic
18%
Aucun quiz correspondant
Distribution des résultats
% des personnes avec chaque résultat
Percentile par nombre de réponses
Votre historique - résultats
Vous n’avez pas pris ce quiz